| 000 | 00530nam a2200217Ia 4500 | ||
|---|---|---|---|
| 003 | 0100 | ||
| 008 | 130227s9999 xx 000 0 und d | ||
| 040 | _cARRUPELIB | ||
| 050 | _aHF5386.G22 | ||
| 100 | _aGarrett, Thomas M. | ||
| 245 | _aEthics in business | ||
| 260 | _aNew York | ||
| 260 | _bSheed and ward | ||
| 260 | _C1963 | ||
| 300 | _aviii | ||
| 300 | _b 181p. 21cm. | ||
| 650 | _bContract labor - - Zimbabwe | ||
| 650 | _cWorking class - Zimbabwe | ||
| 650 | _dZimbabwe - Economic conditions | ||
| 942 |
_2lcc _01 |
||
| 999 |
_c5988 _d5988 |
||